Normal view
MARC view
Entry Personal Name
001 - CONTROL NUMBER
- control field: 27645
003 - CONTROL NUMBER IDENTIFIER
- control field: ARRUPE
005 - DATE AND TIME OF LATEST TRANSACTION
- control field: 20161128154025.0
008 - FIXED-LENGTH DATA ELEMENTS
- fixed length control field: 161128|| aca||aabn | a|a d
040 ## - CATALOGING SOURCE
- Original cataloging agency: ARRUPE
- Transcribing agency: ARRUPE
100 ## - HEADING--PERSONAL NAME
- Personal name: Weber, Max,
- Dates associated with a name: 1864-1920.
670 ## - SOURCE DATA FOUND
- Source citation: Work cat.: (ARRUPE)0: Weber, Max, 1864-1920., The Protestant ethic and the spirit of capitalism., 1958